|
|
|
|
| LEADER |
01199nam a2200301 a 4500 |
| 001 |
6841 |
| 003 |
BD-DhAAL |
| 005 |
20200515200346.0 |
| 008 |
150709s1998 nyua 000 0 eng d |
| 999 |
|
|
|c 35001
|d 35001
|
| 010 |
|
|
|a 00051679
|
| 020 |
|
|
|a 0194358038
|
| 040 |
|
|
|a DLC
|c DLC
|d DLC
|d BD-DhAAL
|
| 082 |
0 |
0 |
|a 428.24
|2 22
|
| 100 |
1 |
|
|a Soars, Liz,
|d 1945-
|9 12986
|
| 245 |
1 |
0 |
|a New headway english course /
|c Liz and John Soars.
|
| 260 |
|
|
|a New York :
|b Oxford University Press,
|c 1998.
|
| 300 |
|
|
|a 176 pages :
|b illustrations (chiefly colors) ;
|c 28 cm.
|
| 500 |
|
|
|a Upper intermediate teacher's book.
|
| 541 |
1 |
|
|e 6841
|
| 650 |
|
0 |
|a English language
|v Textbooks for foreign speakers.
|9 5579
|
| 650 |
|
0 |
|a English language
|z United States
|v Problems, exercises, etc.
|9 12987
|
| 650 |
|
0 |
|a English language
|x Grammar
|v Problems, exercises, etc.
|9 11362
|
| 650 |
|
0 |
|a Vocabulary
|v Problems, exercises, etc.
|9 12991
|
| 700 |
1 |
|
|a Soars, John,
|d 1951-
|9 12983
|
| 852 |
|
|
|a Savar Campus Library
|c General Stacks
|
| 942 |
|
|
|2 ddc
|c BK
|
| 952 |
|
|
|0 0
|1 0
|2 ddc
|4 0
|6 428_240000000000000_SOA
|7 0
|9 54879
|a SCL
|b SCL
|c GEN
|d 2015-07-09
|e Friednds' Book Corner
|g 760.00
|l 0
|o 428.24 SOA
|p 3020006841
|r 2015-07-09
|t 1
|w 2015-07-09
|y BK
|